[Event "Tradewise Gibraltar Masters 14th"]
[Site "Gibraltar"]
[Date "2016.01.27"]
[Round "2.47"]
[White "Pichot, Alan"]
[Black "Galinsky, Timofey"]
[Result "1-0"]
[WhiteElo "2517"]
[BlackElo "2379"]
[PlyCount "75"]
[EventDate "2016.01.26"]
[EventType "swiss"]
[EventRounds "10"]
[EventCountry "GGB"]
[Source "www.saund.co.uk"]
[SourceDate "2005.02.07"]

1. e4 e6 2. d4 d5 3. Nd2 dxe4 4. Nxe4 Be7 5. Nf3 Nf6 6. Nxf6+ Bxf6 7. Bd3 Nd7
8. c3 c5 9. Be3 cxd4 10. Nxd4 O-O 11. Qh5 g6 12. Qe2 a6 13. O-O-O Re8 14. Bc2
Qe7 15. Nf3 b5 16. Be4 Rb8 17. Nd4 Bb7 18. Bxb7 Bxd4 19. Rxd4 Rxb7 20. Rhd1 Nb6
21. Rd6 Nd5 22. Rxa6 b4 23. c4 Rc8 24. Bd4 b3 25. axb3 Rxb3 26. Kb1 Nc3+ 27.
Bxc3 Rxc3 28. Rxe6 fxe6 29. bxc3 Rb8+ 30. Kc2 Qe8 31. Rd6 e5 32. Kd3 Qa4 33.
Rd5 e4+ 34. Ke3 Qb3 35. Qd2 Qxc4 36. Qd4 Rd8 37. Rxd8+ Kf7 38. Qd7+ 1-0

[Event "Tradewise Gibraltar Masters 14th"]
[Site "Gibraltar"]
[Date "2016.01.27"]
[Round "2.49"]
[White "Herman, Matthew J"]
[Black "Gledura, Benjamin"]
[Result "0-1"]
[WhiteElo "2370"]
[BlackElo "2515"]
[PlyCount "72"]
[EventDate "2016.01.26"]
[EventType "swiss"]
[EventRounds "10"]
[EventCountry "GGB"]
[Source "www.saund.co.uk"]
[SourceDate "2005.02.07"]

1. d4 Nf6 2. c4 g6 3. Nc3 d5 4. cxd5 Nxd5 5. e4 Nxc3 6. bxc3 Bg7 7. Nf3 c5 8.
Rb1 O-O 9. Be2 b6 10. O-O Bb7 11. d5 Bxc3 12. Bf4 Bg7 13. Bc4 Qc8 14. Qd2 Ba6
15. Bxa6 Nxa6 16. Bh6 Bxh6 17. Qxh6 f6 18. Nh4 Rf7 19. Rb3 Qf8 20. Qc1 Nc7 21.
Rg3 e6 22. f4 Rg7 23. f5 exf5 24. exf5 g5 25. Nf3 Nxd5 26. Nxg5 Rxg5 27. Rxg5+
fxg5 28. Qxg5+ Qg7 29. Qh5 Rf8 30. h3 Ne3 31. Rf2 Qa1+ 32. Kh2 Nf1+ 33. Rxf1
Qxf1 34. Qg5+ Kh8 35. g4 Qf2+ 36. Kh1 Qd4 0-1

[Event "Tradewise Gibraltar Masters 14th"]
[Site "Gibraltar"]
[Date "2016.01.27"]
[Round "2.50"]
[White "Harika, Dronavalli"]
[Black "Paehtz, Thomas"]
[Result "1-0"]
[WhiteElo "2511"]
[BlackElo "2372"]
[PlyCount "87"]
[EventDate "2016.01.26"]
[EventType "swiss"]
[EventRounds "10"]
[EventCountry "GGB"]
[Source "www.saund.co.uk"]
[SourceDate "2005.02.07"]

1. Nf3 Nf6 2. c4 g6 3. Nc3 Bg7 4. e4 d6 5. d4 O-O 6. h3 a6 7. Be3 c6 8. c5 b5
9. cxb6 Qxb6 10. Rb1 Nbd7 11. Be2 a5 12. O-O Ba6 13. Re1 Rfb8 14. Qd2 Bxe2 15.
Rxe2 Qa6 16. Rbe1 e5 17. dxe5 dxe5 18. Qc1 a4 19. Rc2 Re8 20. Rd1 Bf8 21. Nb1
Rac8 22. Nbd2 Qb7 23. Rc4 a3 24. bxa3 c5 25. Nb3 Nb6 26. Nxc5 Qc6 27. Rc3 Bxc5
28. Rxc5 Qxe4 29. Rxc8 Rxc8 30. Qb1 Nc4 31. Bh6 Qc6 32. Qc1 Ne4 33. Qc2 f5 34.
Qb3 f4 35. Nxe5 Qc5 36. Qxc4+ Qxc4 37. Nxc4 Rxc4 38. Rd8+ Kf7 39. Rf8+ Ke6 40.
Bxf4 Ra4 41. Re8+ Kf7 42. Rc8 Rxa3 43. Rc7+ Kg8 44. Bh6 1-0

[Event "Tradewise Gibraltar Masters 14th"]
[Site "Gibraltar"]
[Date "2016.01.27"]
[Round "2.51"]
[White "Quillan, Gary"]
[Black "Sundararajan, Kidambi"]
[Result "0-1"]
[WhiteElo "2369"]
[BlackElo "2508"]
[PlyCount "62"]
[EventDate "2016.01.26"]
[EventType "swiss"]
[EventRounds "10"]
[EventCountry "GGB"]
[Source "www.saund.co.uk"]
[SourceDate "2005.02.07"]

1. e4 c5 2. Nf3 e6 3. c3 Nf6 4. e5 Nd5 5. d4 cxd4 6. cxd4 d6 7. Bc4 Be7 8. O-O
O-O 9. Qe2 Nc6 10. a3 Qc7 11. Qe4 Na5 12. Ba2 b6 13. Qg4 Kh8 14. Nbd2 Ba6 15.
Re1 Rac8 16. Ne4 dxe5 17. dxe5 Bc4 18. Bb1 Be2 19. Ng3 Qxc1 20. Nxe2 Qxb2 21.
Bd3 Qb3 22. Qe4 f5 23. exf6 Nxf6 24. Qh4 Qxd3 25. Ne5 Qf5 26. Ng3 Qxf2+ 27. Kh1
Rfe8 28. Rf1 Qc5 29. Qg5 h6 30. Qf4 Nc4 31. Nf7+ Kh7 0-1

[Event "Tradewise Gibraltar Masters 14th"]
[Site "Gibraltar"]
[Date "2016.01.27"]
[Round "2.52"]
[White "Bai, Jinshi"]
[Black "Siva, Mahadevan"]
[Result "1-0"]
[WhiteElo "2507"]
[BlackElo "2370"]
[PlyCount "123"]
[EventDate "2016.01.26"]
[EventType "swiss"]
[EventRounds "10"]
[EventCountry "GGB"]
[Source "www.saund.co.uk"]
[SourceDate "2005.02.07"]

1. d4 d5 2. c4 c6 3. Nf3 Nf6 4. Nc3 e6 5. g3 dxc4 6. Bg2 b5 7. Ne5 a6 8. O-O
Bb7 9. b3 b4 10. Na4 c3 11. Nc4 a5 12. a3 Na6 13. axb4 axb4 14. Nab6 Ra7 15. e4
Be7 16. Be3 O-O 17. Qe2 Re8 18. Ra4 Nd5 19. exd5 cxd5 20. Na5 Qxb6 21. Nxb7
Qxb7 22. Rfa1 Rea8 23. Qa2 Qb6 24. Bf1 e5 25. dxe5 d4 26. Bc1 Bc5 27. Bxa6 d3
28. Bxd3 Rxa4 29. bxa4 b3 30. Qe2 b2 31. Rb1 bxc1=Q+ 32. Rxc1 Rxa4 33. Bxh7+
Kxh7 34. Qc2+ g6 35. Qxa4 Bxf2+ 36. Kg2 Bd4 37. Rf1 Qb7+ 38. Kh3 Bxe5 39. Qe8
f6 40. Rd1 Qf3 41. Qd7+ Kh6 42. Qg4 Qxg4+ 43. Kxg4 f5+ 44. Kf3 Kg5 45. Ra1 Kf6
46. Ra6+ Kf7 47. Rc6 Bf6 48. Ke3 Be5 49. Kf3 Bf6 50. h3 Ke7 51. Ke3 Bg5+ 52.
Kd3 Bf6 53. Kc4 Kf7 54. Kd5 g5 55. g4 fxg4 56. hxg4 Ke7 57. Ke4 Kf7 58. Kf5 Be7
59. Rxc3 Ke8 60. Rc8+ Kd7 61. Rg8 Kd6 62. Rxg5 1-0

[Event "Tradewise Gibraltar Masters 14th"]
[Site "Gibraltar"]
[Date "2016.01.27"]
[Round "2.53"]
[White "Tan, Zhongyi"]
[Black "Bitensky, Igor"]
[Result "1-0"]
[WhiteElo "2504"]
[BlackElo "2362"]
[PlyCount "145"]
[EventDate "2016.01.26"]
[EventType "swiss"]
[EventRounds "10"]
[EventCountry "GGB"]
[Source "www.saund.co.uk"]
[SourceDate "2005.02.07"]

1. d4 Nf6 2. c4 g6 3. Nc3 Bg7 4. e4 d6 5. Be2 O-O 6. Bg5 Nbd7 7. Qd2 e5 8. d5
a5 9. f3 Nc5 10. O-O-O a4 11. h4 a3 12. b3 c6 13. Nh3 cxd5 14. cxd5 Bxh3 15.
Rxh3 Qb6 16. Kb1 Nh5 17. Be3 Rfc8 18. Bc4 Qd8 19. g4 Nf4 20. Rh2 h6 21. h5 g5
22. Qe1 Bf6 23. Rc2 Qf8 24. Nb5 Bd8 25. Bc1 Bb6 26. Bxa3 Qd8 27. Bb4 Qd7 28.
Qf1 Kh7 29. Rdc1 Kh8 30. Qd1 Kh7 31. Bf1 Kg7 32. Rc3 Ba5 33. Bxa5 Rxa5 34. a4
Rca8 35. Qc2 Qd8 36. Qb2 Nxa4 37. bxa4 Rxa4 38. Ra3 Qb6 39. Rxa4 Rxa4 40. Rc4
Qg1 41. Rxa4 Qxf1+ 42. Ka2 Nd3 43. Qc2 Nc1+ 44. Ka3 Qxb5 45. Qxc1 Qd3+ 46. Kb4
Qxf3 47. Qc2 Qxg4 48. Ra8 Qxh5 49. Qc8 Qe2 50. Qf8+ Kg6 51. Qxd6+ f6 52. Qe6
Qxe4+ 53. Kc5 g4 54. Rg8+ Kh5 55. Qf7+ Kh4 56. Qxf6+ Kg3 57. Kd6 Qb4+ 58. Ke6
Qb6+ 59. Kf7 Qc7+ 60. Kg6 e4 61. d6 Qc4 62. Qe5+ Kg2 63. Kh7 e3 64. Qxe3 Qf7+
65. Rg7 Qf5+ 66. Rg6 Qf7+ 67. Kxh6 Qf8+ 68. Kh5 Qf7 69. Qe4+ Kh2 70. Kxg4 Qd7+
71. Kg5 Qd8+ 72. Qe7 Qa5+ 73. Kf6 1-0

[Event "Tradewise Gibraltar Masters 14th"]
[Site "Gibraltar"]
[Date "2016.01.27"]
[Round "2.54"]
[White "Kavutskiy, Konstantin"]
[Black "Khotenashvili, Bela"]
[Result "0-1"]
[WhiteElo "2360"]
[BlackElo "2502"]
[PlyCount "64"]
[EventDate "2016.01.26"]
[EventType "swiss"]
[EventRounds "10"]
[EventCountry "GGB"]
[Source "www.saund.co.uk"]
[SourceDate "2005.02.07"]

1. d4 g6 2. c4 Bg7 3. e4 c5 4. d5 d6 5. Nc3 e6 6. Nge2 Ne7 7. Ng3 O-O 8. Bd3
exd5 9. cxd5 a6 10. a4 f5 11. O-O f4 12. Nge2 g5 13. f3 Nd7 14. Rb1 Qc7 15. h4
h6 16. g3 c4 17. Bc2 Qc5+ 18. Kg2 Be5 19. Bd2 Ng6 20. h5 Ne7 21. gxf4 gxf4 22.
Qc1 Rf7 23. Bxf4 Bxf4 24. Nxf4 Ne5 25. Nce2 Bd7 26. b4 Qa7 27. Ne6 Bxe6 28.
dxe6 Rg7+ 29. Ng3 Kh7 30. Rh1 Rxg3+ 31. Kxg3 Rg8+ 32. Kh3 Qf2 0-1

[Event "Tradewise Gibraltar Masters 14th"]
[Site "Gibraltar"]
[Date "2016.01.27"]
[Round "2.55"]
[White "Goryachkina, Aleksandra"]
[Black "Pakosta, Miroslav"]
[Result "1-0"]
[WhiteElo "2502"]
[BlackElo "2097"]
[PlyCount "79"]
[EventDate "2016.01.26"]
[EventType "swiss"]
[EventRounds "10"]
[EventCountry "GGB"]
[Source "www.saund.co.uk"]
[SourceDate "2005.02.07"]

1. c4 c5 2. Nf3 Nc6 3. Nc3 e5 4. g3 g6 5. Bg2 Bg7 6. O-O d6 7. a3 Nge7 8. b4
O-O 9. Bb2 Be6 10. d3 h6 11. b5 Nd4 12. Nd2 Qd7 13. e3 Ndf5 14. Qb3 Rad8 15.
Nd5 f6 16. b6 Bxd5 17. cxd5 axb6 18. a4 Qc7 19. Nc4 Nc8 20. Bc3 Nfe7 21. Rfb1
Rd7 22. Rb2 f5 23. Rab1 Kh7 24. a5 Rf7 25. axb6 Qd8 26. Ra1 Qf8 27. Ra8 g5 28.
Qb5 Rd8 29. Rb8 Ng6 30. Ra2 Qe7 31. Na5 Nxb6 32. Rxb7 Qxb7 33. Nxb7 Rxb7 34.
Rb2 Rdb8 35. Qc6 Bf8 36. Ba5 Ne7 37. Qxd6 Nbc8 38. Qxb8 Rxb8 39. Rxb8 Kg7 40.
Bc7 1-0

[Event "Tradewise Gibraltar Masters 14th"]
[Site "Gibraltar"]
[Date "2016.01.27"]
[Round "2.56"]
[White "Spence, David J"]
[Black "Aravindh, Chithambaram Vr"]
[Result "0-1"]
[WhiteElo "2140"]
[BlackElo "2500"]
[PlyCount "144"]
[EventDate "2016.01.26"]
[EventType "swiss"]
[EventRounds "10"]
[EventCountry "GGB"]
[Source "www.saund.co.uk"]
[SourceDate "2005.02.07"]

1. e4 g6 2. d4 Bg7 3. Nc3 d5 4. Nxd5 c6 5. Ne3 Qxd4 6. Qxd4 Bxd4 7. c3 Bg7 8.
f3 Nd7 9. Nh3 Nc5 10. Nf2 Nf6 11. Nd3 Nfd7 12. Nxc5 Nxc5 13. Nd1 Be6 14. Be3
Na4 15. Kd2 f5 16. Kc2 fxe4 17. fxe4 Nb6 18. b3 Nd7 19. Be2 O-O 20. Re1 Ne5 21.
h3 b6 22. Nb2 c5 23. Rf1 Rfc8 24. Bf4 c4 25. b4 Nd3 26. Bg5 a5 27. a3 Rc7 28.
Be3 Rca7 29. b5 a4 30. Bxd3 cxd3+ 31. Nxd3 Bb3+ 32. Kb2 Rc8 33. Rac1 Rc4 34. e5
Re4 35. Rfe1 Bc4 36. Nb4 Rd7 37. Bd4 Rxe1 38. Rxe1 Bxb5 39. Kc2 Bc4 40. Nd3 e6
41. Nf2 Bd5 42. Ne4 Bxe4+ 43. Rxe4 b5 44. Bc5 Rd5 45. Bd4 Bf8 46. Kb2 Rd7 47.
Rf4 Rf7 48. Rxf7 Kxf7 49. Be3 Ke8 50. Bc1 Bg7 51. Bf4 Bf8 52. Bc1 Kd7 53. c4
Kc6 54. Kc3 Bc5 55. Bb2 Bf2 56. Kb4 Be1+ 57. Bc3 Bxc3+ 58. Kxc3 Kc5 59. cxb5
Kxb5 60. Kd4 g5 61. g3 h5 62. h4 g4 63. Kd3 Kc5 64. Kc3 Kd5 65. Kb4 Kxe5 66.
Kxa4 Kd4 67. Kb3 e5 68. a4 e4 69. a5 e3 70. a6 e2 71. a7 e1=Q 72. a8=Q Qb1+ 0-1

[Event "Tradewise Gibraltar Masters 14th"]
[Site "Gibraltar"]
[Date "2016.01.27"]
[Round "2.58"]
[White "Yu Yangyi"]
[Black "Goriatchkin, Jouri"]
[Result "1-0"]
[WhiteElo "2747"]
[BlackElo "2300"]
[PlyCount "87"]
[EventDate "2016.01.26"]
[EventType "swiss"]
[EventRounds "10"]
[EventCountry "GGB"]
[Source "www.saund.co.uk"]
[SourceDate "2005.02.07"]

1. e4 e6 2. d4 d5 3. Nc3 Nf6 4. e5 Nfd7 5. f4 c5 6. Nf3 Nc6 7. Ne2 b5 8. a3 Qb6
9. c3 c4 10. g4 Na5 11. Be3 Nb3 12. Ra2 a5 13. f5 Be7 14. h4 Nf8 15. Ng3 exf5
16. gxf5 g6 17. f6 Bd8 18. Bg2 Bg4 19. a4 h5 20. O-O Bc7 21. Qe1 Ne6 22. Nh2
O-O-O 23. axb5 Qxb5 24. Nxg4 hxg4 25. Ne2 Rdg8 26. Nf4 Nxf4 27. Bxf4 Qd7 28.
Bg5 Qe6 29. Rf4 Bb6 30. Kh2 Kc7 31. Qd1 Kc6 32. Ra3 a4 33. Rxa4 Na5 34. Rb4 Kc7
35. Qxg4 Qxg4 36. Rxg4 Kc6 37. Bf3 Bc7 38. Bd1 Kd7 39. Rb5 Rb8 40. Rxd5+ Ke6
41. Rc5 Rxb2+ 42. Rg2 Rxg2+ 43. Kxg2 Kd7 44. Bg4+ 1-0

[Event "Tradewise Gibraltar Masters 14th"]
[Site "Gibraltar"]
[Date "2016.01.27"]
[Round "2.59"]
[White "Lazarne Vajda, Szidonia"]
[Black "Ganguly, Surya Shekhar"]
[Result "0-1"]
[WhiteElo "2359"]
[BlackElo "2660"]
[PlyCount "32"]
[EventDate "2016.01.26"]
[EventType "swiss"]
[EventRounds "10"]
[EventCountry "GGB"]
[Source "www.saund.co.uk"]
[SourceDate "2005.02.07"]

1. e4 e6 2. d4 d5 3. Nd2 Be7 4. Bd3 c5 5. c3 cxd4 6. cxd4 dxe4 7. Nxe4 Nf6 8.
Nf3 Nc6 9. O-O O-O 10. Be3 Nb4 11. Nxf6+ Bxf6 12. Be4 Nd5 13. Qb3 b6 14. Bxd5
exd5 15. Ne5 Be6 16. Rac1 Bxe5 0-1

[Event "Tradewise Gibraltar Masters 14th"]
[Site "Gibraltar"]
[Date "2016.01.27"]
[Round "2.60"]
[White "Sutovsky, Emil"]
[Black "Vuilleumier, Alexandre"]
[Result "1/2-1/2"]
[WhiteElo "2647"]
[BlackElo "2356"]
[PlyCount "169"]
[EventDate "2016.01.26"]
[EventType "swiss"]
[EventRounds "10"]
[EventCountry "GGB"]
[Source "www.saund.co.uk"]
[SourceDate "2005.02.07"]

1. e4 e5 2. Nf3 Nc6 3. Bb5 f5 4. d3 fxe4 5. dxe4 Nf6 6. O-O d6 7. Nc3 Be7 8.
Be3 Bg4 9. h3 Bxf3 10. Qxf3 O-O 11. Qf5 Kh8 12. Qe6 a6 13. Bc4 Qe8 14. Nd5 Nxd5
15. Bxd5 h5 16. h4 Nd4 17. Bxd4 exd4 18. Bxb7 Rb8 19. Bxa6 Rxb2 20. Bd3 Bxh4
21. Qxe8 Rxe8 22. a4 c5 23. a5 c4 24. Bxc4 Rxc2 25. Bf7 Rf8 26. a6 Rxf7 27. a7
Rxa7 28. Rxa7 Re2 29. Ra3 Bf6 30. f3 h4 31. Kh2 Kh7 32. Kh3 Kg6 33. Ra6 Be5 34.
Kxh4 Rxg2 35. f4 Bf6+ 36. Kh3 Re2 37. Rxd6 Rxe4 38. Kg4 Re2 39. Rd1 Kf7 40. Kf5
g6+ 41. Kg4 Re6 42. Rd5 Re4 43. Rf1 Ke6 44. Ra5 Kf7 45. Ra7+ Re7 46. Rfa1 d3
47. Rxe7+ Bxe7 48. Rd1 Ke6 49. Rxd3 Bd6 50. Ra3 Be7 51. Ra6+ Kf7 52. Kf3 Bf6
53. Ra7+ Ke6 54. Rh7 g5 55. fxg5 Bxg5 56. Ke4 Kd6 57. Rg7 Bc1 58. Rg1 Bb2 59.
Rd1+ Kc6 60. Rb1 Ba3 61. Kd4 Bc5+ 62. Kc4 Ba7 63. Rh1 Kb7 64. Kb5 Bb8 65. Rh7+
Ka8 66. Kb6 Be5 67. Re7 Bb8 68. Rf7 Be5 69. Rf8+ Bb8 70. Kc6 Ka7 71. Rf5 Ka8
72. Ra5+ Ba7 73. Ra4 Kb8 74. Rb4+ Ka8 75. Kc7 Be3 76. Rb8+ Ka7 77. Rb3 Bf4+ 78.
Kc6 Ka8 79. Kb6 Be5 80. Rd3 Bf4 81. Rf3 Be5 82. Rf7 Bd4+ 83. Kc6 Be5 84. Kb5
Bb8 85. Ka5 1/2-1/2

[Event "Tradewise Gibraltar Masters 14th"]
[Site "Gibraltar"]
[Date "2016.01.27"]
[Round "2.61"]
[White "Anton Guijarro, David"]
[Black "Piasetski, Leon"]
[Result "1-0"]
[WhiteElo "2639"]
[BlackElo "2277"]
[PlyCount "81"]
[EventDate "2016.01.26"]
[EventType "swiss"]
[EventRounds "10"]
[EventCountry "GGB"]
[Source "www.saund.co.uk"]
[SourceDate "2005.02.07"]

1. e4 c6 2. d4 d5 3. e5 Bf5 4. Nf3 e6 5. Be2 Nd7 6. O-O Bg6 7. Nbd2 Nh6 8. Nb3
Be7 9. Bxh6 gxh6 10. Qd2 h5 11. Bd3 Qc7 12. Bxg6 hxg6 13. a4 O-O-O 14. a5 a6
15. Rac1 Bf8 16. Ng5 Bh6 17. f4 Rdf8 18. h4 Qd8 19. Qb4 Qe8 20. c4 f6 21. cxd5
exd5 22. e6 fxg5 23. exd7+ Qxd7 24. Nc5 Qc7 25. hxg5 Bg7 26. Ne6 Qd7 27. Nxf8
Bxf8 28. Qc3 Bd6 29. Qd3 Qf5 30. Qxf5+ gxf5 31. Kh2 Bb4 32. Ra1 Kd7 33. Kh3 Re8
34. Kh4 Re2 35. Kxh5 Rxg2 36. Kg6 Ke6 37. Rae1+ Bxe1 38. Rxe1+ Kd6 39. Kxf5
Rxb2 40. g6 Rg2 41. Rb1 1-0

[Event "Tradewise Gibraltar Masters 14th"]
[Site "Gibraltar"]
[Date "2016.01.27"]
[Round "2.62"]
[White "Grandelius, Nils"]
[Black "Plotkin, Victor"]
[Result "1-0"]
[WhiteElo "2635"]
[BlackElo "2291"]
[PlyCount "59"]
[EventDate "2016.01.26"]
[EventType "swiss"]
[EventRounds "10"]
[EventCountry "GGB"]
[Source "www.saund.co.uk"]
[SourceDate "2005.02.07"]

1. c4 e6 2. g3 d5 3. Bg2 Nf6 4. Nf3 Be7 5. d4 O-O 6. Qc2 dxc4 7. Qxc4 a6 8. Bf4
Bd6 9. Ne5 b5 10. Qc2 Nd5 11. Nc3 Bb7 12. Nxd5 Bxd5 13. e4 Bb4+ 14. Ke2 Bb7 15.
Rhd1 Qe7 16. Rac1 Bd6 17. Be3 c5 18. Nf3 cxd4 19. Nxd4 Rd8 20. e5 Bxg2 21. exd6
Qf6 22. f3 Nd7 23. Qe4 Bh3 24. Rc7 Ne5 25. d7 Rab8 26. Bf4 Ng6 27. Nc6 Bf5 28.
Qe3 Nxf4+ 29. gxf4 Qxb2+ 30. Qd2 1-0

[Event "Tradewise Gibraltar Masters 14th"]
[Site "Gibraltar"]
[Date "2016.01.27"]
[Round "2.63"]
[White "Ranaivoharisoa, Alain"]
[Black "Maze, Sebastien"]
[Result "0-1"]
[WhiteElo "2160"]
[BlackElo "2591"]
[PlyCount "124"]
[EventDate "2016.01.26"]
[EventType "swiss"]
[EventRounds "10"]
[EventCountry "GGB"]
[Source "www.saund.co.uk"]
[SourceDate "2005.02.07"]

1. e4 c5 2. Nf3 Nc6 3. d4 cxd4 4. Nxd4 e5 5. Nb5 d6 6. c4 Be7 7. N1c3 a6 8. Na3
Be6 9. Be2 Bg5 10. Nc2 Bxc1 11. Rxc1 Rc8 12. Qd2 Nf6 13. O-O O-O 14. Rfd1 Qb6
15. h3 Rfd8 16. b3 h6 17. Bf3 Ne7 18. Ne3 h5 19. Ne2 g6 20. Nf1 Kh7 21. Qg5
Nfg8 22. Rc3 f6 23. Qd2 Nh6 24. Rd3 Nf7 25. Ne3 Nc6 26. Nc2 Qa5 27. Qxa5 Nxa5
28. Nb4 Kg7 29. h4 Nc6 30. Nxc6 bxc6 31. Nc3 c5 32. Be2 Bd7 33. Rg3 Rh8 34. Nd5
Rce8 35. f4 exf4 36. Nxf4 Bg4 37. Bxg4 hxg4 38. Rxg4 Ne5 39. Rg3 Rxh4 40. Nh3
Rxe4 41. Rxd6 Re1+ 42. Kf2 Re2+ 43. Kxe2 Nxc4+ 44. Re3 Rxe3+ 45. Kf2 Nxd6 46.
Kxe3 f5 47. Nf4 Kf6 48. Nd3 Nb7 49. Kd2 g5 50. Kc3 f4 51. Kc4 Kf5 52. Kd5 Kg4
53. Ne5+ Kg3 54. Nf3 g4 55. Ne5 Nd8 56. Kxc5 Nf7 57. Nd3 Ng5 58. Ne5 Ne4+ 59.
Kd4 Nf2 60. Ng6 Nd1 61. Nxf4 Kxf4 62. b4 Nb2 0-1

[Event "Tradewise Gibraltar Masters 14th"]
[Site "Gibraltar"]
[Date "2016.01.27"]
[Round "2.64"]
[White "Weisbuch, Udi"]
[Black "Libiszewski, Fabien"]
[Result "0-1"]
[WhiteElo "2254"]
[BlackElo "2515"]
[PlyCount "124"]
[EventDate "2016.01.26"]
[EventType "swiss"]
[EventRounds "10"]
[EventCountry "GGB"]
[Source "www.saund.co.uk"]
[SourceDate "2005.02.07"]

1. e4 c5 2. Nf3 e6 3. d3 Nc6 4. g3 d5 5. Qe2 Nf6 6. Bg2 Be7 7. O-O b5 8. exd5
exd5 9. d4 c4 10. Ne5 Nxd4 11. Qd1 Ne6 12. Nc3 Bb7 13. Nxb5 Qb6 14. a4 Bc5 15.
c3 O-O 16. Nf3 Ba6 17. Nbd4 Nxd4 18. Nxd4 Bxd4 19. Qxd4 Qxd4 20. cxd4 c3 21.
Rd1 c2 22. Re1 Rfb8 23. g4 h6 24. f4 Rb4 25. g5 hxg5 26. fxg5 Ne4 27. Bxe4 dxe4
28. Rxe4 Rd8 29. Kf2 Bd3 30. Re7 a6 31. a5 Rdxd4 32. Ra3 Bf5 33. g6 fxg6 34.
Rc3 Rbc4 35. Rxc4 Rxc4 36. Re1 Rb4 37. Re5 Rh4 38. Kg3 Rd4 39. Rc5 Rd1 40. Bf4
Rg1+ 41. Kf2 Rb1 42. Ke2 Rxb2 43. Bc1 Rb1 44. Bg5 Kf7 45. Bf4 Rh1 46. Kf2 Kg8
47. Kg2 Be4+ 48. Kg3 Rf1 49. Rc4 Rg1+ 50. Kf2 Rg2+ 51. Ke3 g5 52. Be5 Bf5 53.
Rc5 g6 54. Bb2 Rxh2 55. Rc7 Rh1 56. Kd4 Rb1 57. Ba3 Ra1 58. Bb2 Rxa5 59. Bc1 g4
60. Bd2 Rb5 61. Ra7 g3 62. Ke3 Rb3+ 0-1

[Event "Tradewise Gibraltar Masters 14th"]
[Site "Gibraltar"]
[Date "2016.01.27"]
[Round "2.65"]
[White "Weeramantry, Sunil"]
[Black "Lei, Tingjie"]
[Result "0-1"]
[WhiteElo "2099"]
[BlackElo "2474"]
[PlyCount "48"]
[EventDate "2016.01.26"]
[EventType "swiss"]
[EventRounds "10"]
[EventCountry "GGB"]
[Source "www.saund.co.uk"]
[SourceDate "2005.02.07"]

1. e4 c5 2. Nc3 Nc6 3. f4 g6 4. Nf3 Bg7 5. Bc4 e6 6. f5 gxf5 7. d3 Nge7 8. O-O
O-O 9. Qe1 fxe4 10. dxe4 f5 11. Ng5 Ne5 12. Nxh7 Kxh7 13. Bg5 Qe8 14. Qh4+ Kg8
15. Bxe7 Ng6 16. Qg5 Nxe7 17. exf5 Rxf5 18. Rxf5 Nxf5 19. Qxf5 d5 20. Qg5 Bd7
21. Bd3 c4 22. Bg6 Qf8 23. Qh4 Bh6 24. Rf1 Be3+ 0-1

[Event "Tradewise Gibraltar Masters 14th"]
[Site "Gibraltar"]
[Date "2016.01.27"]
[Round "2.66"]
[White "Xu, Xiangyu"]
[Black "Kozarcanin, Sead"]
[Result "1-0"]
[WhiteElo "2466"]
[BlackElo "2073"]
[PlyCount "55"]
[EventDate "2016.01.26"]
[EventType "swiss"]
[EventRounds "10"]
[EventCountry "GGB"]
[Source "www.saund.co.uk"]
[SourceDate "2005.02.07"]

1. Nf3 Nf6 2. g3 b6 3. Bg2 Bb7 4. O-O g6 5. b3 Bg7 6. Bb2 O-O 7. c4 c5 8. Na3
Na6 9. d4 cxd4 10. Nb5 Nc7 11. Nbxd4 Rc8 12. Rc1 Re8 13. e3 Ba8 14. Qe2 Ne4 15.
Rfd1 e6 16. Nd2 Nxd2 17. Rxd2 Bxg2 18. Kxg2 Qe7 19. Rcd1 Qc5 20. Rc2 d5 21.
Rdc1 Qf8 22. cxd5 Nxd5 23. Ba3 Rxc2 24. Nxc2 Ne7 25. Nd4 Bxd4 26. exd4 Qh6 27.
Qb5 Kf8 28. Rc7 1-0

[Event "Tradewise Gibraltar Masters 14th"]
[Site "Gibraltar"]
[Date "2016.01.27"]
[Round "2.67"]
[White "Darnell, Anton"]
[Black "Kashlinskaya, Alina"]
[Result "0-1"]
[WhiteElo "1979"]
[BlackElo "2462"]
[PlyCount "60"]
[EventDate "2016.01.26"]
[EventType "swiss"]
[EventRounds "10"]
[EventCountry "GGB"]
[Source "www.saund.co.uk"]
[SourceDate "2005.02.07"]

1. d4 Nf6 2. c4 e6 3. Nf3 d5 4. g3 Bb4+ 5. Bd2 Bd6 6. Bg2 c6 7. Qc2 Nbd7 8. O-O
O-O 9. Bc3 dxc4 10. a4 Rb8 11. e4 Be7 12. Ne5 Nxe5 13. dxe5 Nd7 14. Qe2 b5 15.
axb5 cxb5 16. Ba5 Nb6 17. Nc3 Bd7 18. Qe3 Qc7 19. Rfd1 Rfd8 20. Nd5 exd5 21.
exd5 Bc5 22. d6 Qc8 23. Qf4 Bc6 24. e6 fxe6 25. Bc3 Rf8 26. Qg5 Bxf2+ 27. Kh1
Qb7 28. h4 Bxg2+ 29. Kh2 Rf7 30. d7 Nxd7 0-1

[Event "Tradewise Gibraltar Masters 14th"]
[Site "Gibraltar"]
[Date "2016.01.27"]
[Round "2.68"]
[White "Almagro Llamas, Pablo"]
[Black "Nordquelle, Daniel"]
[Result "1-0"]
[WhiteElo "2429"]
[BlackElo "2102"]
[PlyCount "69"]
[EventDate "2016.01.26"]
[EventType "swiss"]
[EventRounds "10"]
[EventCountry "GGB"]
[Source "www.saund.co.uk"]
[SourceDate "2005.02.07"]

1. d4 Nf6 2. Nf3 c5 3. d5 b5 4. Bg5 Qb6 5. Bxf6 Qxf6 6. c3 d6 7. e4 a6 8. Nbd2
g6 9. a4 b4 10. cxb4 cxb4 11. Qc2 Bg4 12. h3 Bd7 13. Qc7 Bg7 14. Qb7 O-O 15.
Qxa8 Qxb2 16. Rb1 Qc2 17. Bxa6 Bc3 18. O-O Bxd2 19. Nxd2 Qxd2 20. Bb5 Bxh3 21.
gxh3 Qg5+ 22. Kh1 Qh4 23. Rb3 Nd7 24. Qa7 Nc5 25. Rg3 f5 26. exf5 Rxf5 27. Bd7
Rf4 28. Be6+ Kg7 29. Qb8 Rf8 30. Qb5 Ne4 31. Rg2 Nxf2+ 32. Kg1 Nxh3+ 33. Bxh3
Rxf1+ 34. Qxf1 Qxh3 35. Rxg6+ 1-0

[Event "Tradewise Gibraltar Masters 14th"]
[Site "Gibraltar"]
[Date "2016.01.27"]
[Round "2.69"]
[White "Omoifo, Osemekhian I"]
[Black "Csonka, Balazs"]
[Result "0-1"]
[WhiteElo "2106"]
[BlackElo "2415"]
[PlyCount "88"]
[EventDate "2016.01.26"]
[EventType "swiss"]
[EventRounds "10"]
[EventCountry "GGB"]
[Source "www.saund.co.uk"]
[SourceDate "2005.02.07"]

1. Nf3 d5 2. d4 Nf6 3. e3 c5 4. c4 cxd4 5. exd4 Nc6 6. Nc3 Bg4 7. cxd5 Nxd5 8.
Qb3 Bxf3 9. gxf3 e6 10. Qxb7 Nxd4 11. Bb5+ Nxb5 12. Qc6+ Ke7 13. Qxb5 Nxc3 14.
bxc3 Rb8 15. Qc5+ Ke8 16. Qxa7 Bd6 17. Qa4+ Qd7 18. Qxd7+ Kxd7 19. Ke2 Rhc8 20.
Bd2 Be5 21. Rhb1 Bxc3 22. Bxc3 Rxb1 23. Rxb1 Rxc3 24. Rb7+ Ke8 25. Ra7 g5 26.
a4 Ra3 27. a5 Kf8 28. a6 Kg7 29. Ra8 h5 30. a7 h4 31. Kd2 Kf6 32. Kc2 Kf5 33.
Kb2 Ra6 34. Kc3 Kf4 35. Kb4 Kxf3 36. Kb5 Ra2 37. Kb6 g4 38. Rh8 Rxa7 39. Kxa7
h3 40. Rb8 Kxf2 41. Rb3 f5 42. Kb6 f4 43. Kc5 g3 44. Rb2+ Kg1 0-1

[Event "Tradewise Gibraltar Masters 14th"]
[Site "Gibraltar"]
[Date "2016.01.27"]
[Round "2.70"]
[White "Satyapragyan, Swayangsu"]
[Black "Suez-Panama, Gilles"]
[Result "1-0"]
[WhiteElo "2410"]
[BlackElo "2032"]
[PlyCount "89"]
[EventDate "2016.01.26"]
[EventType "swiss"]
[EventRounds "10"]
[EventCountry "GGB"]
[Source "www.saund.co.uk"]
[SourceDate "2005.02.07"]

1. d4 Nf6 2. Bg5 c6 3. Bxf6 exf6 4. e3 Be7 5. g3 Qb6 6. b3 a5 7. a3 O-O 8. Bg2
d5 9. Ne2 Bf5 10. O-O Re8 11. Nd2 a4 12. b4 Qa6 13. Nf4 g5 14. Bh3 Bxh3 15.
Nxh3 b5 16. f4 Qc8 17. Qh5 g4 18. Nf2 f5 19. h3 Qe6 20. Rae1 gxh3 21. Qxh3 Qg6
22. Nf3 Bf6 23. Ne5 Bxe5 24. fxe5 Nd7 25. Nd3 Qg4 26. Qxg4+ fxg4 27. Rf4 Re6
28. Rxg4+ Rg6 29. Rh4 Rxg3+ 30. Kf2 Rg7 31. Nf4 Re8 32. Rh6 Rc8 33. Reh1 Nf8
34. Nh5 Rg5 35. Nf6+ Kg7 36. Nxh7 Rf5+ 37. Ke2 Ng6 38. Nf6 Rxf6 39. Rh7+ Kg8
40. exf6 Re8 41. Rg7+ Kf8 42. Rhh7 Re6 43. Rxf7+ Ke8 44. Kd2 Rd6 45. Rb7 1-0